Orelsan - La fête est finie (Epilogue) - Statistiques

Statistiques générales
  • Ce quiz a été pris 112 fois
  • Le résultat moyen est 8 sur 11
Statistiques - réponses
Titre % Correct
Epilogue
88%
Rêves Bizarres
83%
Fantômes
77%
La Famille, La Famille
77%
Mes Grands Parents
75%
Dis-moi
71%
Tout Va Bien (Remix)
70%
Adieu Les Filles
65%
Discipline
65%
Tout Ce Que Je Sais
60%
Excuses Ou Mensonges
57%
Aucun quiz correspondant
Distribution des résultats
% des personnes avec chaque résultat
Percentile par nombre de réponses
Votre historique - résultats
Vous n’avez pas pris ce quiz